000 00294nam a22001337a 4500
008 170608b xxu||||| |||| 00| 0 eng d
020 _a9780195162493
041 _aeng
080 _24TH
_a94
100 _a18
101 _aSHH
245 _aFORCE AND STATECRAFT
_cLAUREN,P.G
942 _2udc
_cBK
999 _c16574
_d16574